Study on householder pig raising in kampong chen tbong commune stoung district kampong thom province (ការសិក្សាលើការចិញ្ចឺមជ្រូកជាលក្ខណះគ្រួសារនៅក្នុងឃុំកំពុងចិនត្បូងស្រុកស្ទោងខេត្តកំពង់ធំ) (Record no. 2444)
[ view plain ]
| 000 -LEADER | |
|---|---|
| fixed length control field | 00726nam a22001577a 4500 |
| 003 - CONTROL NUMBER IDENTIFIER | |
| control field | OSt |
| 005 - DATE AND TIME OF LATEST TRANSACTION | |
| control field | 20151021103529.0 |
| 008 - FIXED-LENGTH DATA ELEMENTS--GENERAL INFORMATION | |
| fixed length control field | 151021b xxu||||| |||| 00| 0 eng d |
| 040 ## - CATALOGING SOURCE | |
| Transcribing agency | RUA |
| 082 ## - DEWEY DECIMAL CLASSIFICATION NUMBER | |
| Classification number | AVM THO 2009 B089 Or.1 |
| 100 ## - MAIN ENTRY--PERSONAL NAME | |
| 9 (RLIN) | 2598 |
| Personal name | THONG, VANSAT. |
| 245 ## - TITLE STATEMENT | |
| Title | Study on householder pig raising in kampong chen tbong commune stoung district kampong thom province (ការសិក្សាលើការចិញ្ចឺមជ្រូកជាលក្ខណះគ្រួសារនៅក្នុងឃុំកំពុងចិនត្បូងស្រុកស្ទោងខេត្តកំពង់ធំ) |
| 260 ## - PUBLICATION, DISTRIBUTION, ETC. (IMPRINT) | |
| Place of publication, distribution, etc. | Phnom Penh |
| Name of publisher, distributor, etc. | RUA |
| Date of publication, distribution, etc. | 2009 |
| 300 ## - PHYSICAL DESCRIPTION | |
| Extent | xi, 40p. |
| Other physical details | ill. |
| Dimensions | 29cm. |
| 942 ## - ADDED ENTRY ELEMENTS (KOHA) | |
| Source of classification or shelving scheme | |
| Koha item type | AVM |
| Price effective from | Date last seen | Permanent Location | Not for loan | Date acquired | Source of classification or shelving scheme | Koha item type | Barcode | Lost status | Damaged status | Shelving location | Withdrawn status | Current Location | Full call number |
|---|---|---|---|---|---|---|---|---|---|---|---|---|---|
| 2015-10-21 | 2015-10-21 | Library Block B | 2015-10-21 | AVM | RUA006771 | B089 | Library Block B | AVM THO 2009 B089 Or.1 | |||||
| 2015-10-21 | 2015-10-21 | Library Block B | 2015-10-21 | AVM | RUA006843 | B089 | Library Block B | AVM THO 2009 B089 Or.2 | |||||
| 2015-10-21 | 2015-10-21 | Library Block B | 2015-10-21 | AVM | RUA009214 | B089 | Library Block B | AVM THO 2009 B089 Or.3 | |||||
| 2015-10-21 | 2015-10-21 | Library Block B | 2015-10-21 | AVM | RUA015210 | B089 | Library Block B | AVM THO 2009 B089 Or.4 | |||||
| 2015-10-21 | 2015-10-21 | Library Block B | 2015-10-21 | AVM | RUA006274 | B089 | Library Block B | AVM THO 2009 B089 Or.5 | |||||
| 2015-10-21 | 2015-10-21 | Library Block B | 2015-10-21 | AVM | RUA009591 | B089 | Library Block B | AVM THO 2009 B089 Or.6 | |||||
| 2016-02-03 | 2016-02-03 | Library Block B | 2016-02-03 | AVM | RUA050782 | B089 | Library Block B | AVM THO 2009 B089 Or.7 | |||||
| 2016-02-03 | 2016-02-03 | Library Block B | 2016-02-03 | AVM | RUA049842 | B089 | Library Block B | AVM THO 2009 B089 Or.8 | |||||
| 2019-05-27 | 2019-05-27 | Library Block B | 2019-05-27 | AVM | A35485 | B1.234 | Library Block B | AVM THO 2009 B1.234 Or.1 | |||||
| 2019-05-28 | 2019-05-28 | Library Block B | 2019-05-28 | AVM | A36607 | B1.234 | Library Block B | AVM THO 2009 B1.234 Or.1 |